Detalles MARC
| 000 -CABECERA |
| campo de control de longitud fija |
02321cam a2200241 a 4500 |
| 001 - NÚMERO DE CONTROL |
| campo de control |
000025465 |
| 005 - FECHA Y HORA DE LA ÚLTIMA TRANSACCIÓN |
| campo de control |
20200930023816.0 |
| 008 - DATOS DE LONGITUD FIJA--INFORMACIÓN GENERAL |
| campo de control de longitud fija |
000425s2002 mx bd b 101 0 spa |
| 020 ## - NÚMERO INTERNACIONAL ESTÁNDAR DEL LIBRO |
| Número Internacional Estándar del Libro |
9686384391 |
| 082 ## - NÚMERO DE LA CLASIFICACIÓN DECIMAL DEWEY |
| Número de clasificación |
304.2/098 |
| Número de documento/Ítem |
E82h |
| 040 ## - FUENTE DE LA CATALOGACIÓN |
| Centro catalogador/agencia de origen |
DO-SdBNP |
| 245 00 - MENCIÓN DE TÍTULO |
| Título |
Estudios sobre historia y ambiente en América / |
| Mención de responsabilidad, etc. |
compilación Bernardo Gracía Martínez y Alba González Jácome. |
| 260 ## - PUBLICACIÓN, DISTRIBUCIÓN, ETC. |
| Lugar de publicación, distribución, etc. |
México, D. F. : |
| Nombre del editor, distribuidor, etc. |
Instituto Panamericano de Geografía e Historia : |
| -- |
El Colegio de México, |
| Fecha de publicación, distribución, etc. |
2002. |
| 300 ## - DESCRIPCIÓN FÍSICA |
| Extensión |
t. ; : |
| Otras características físicas |
maps., grafs. ; |
| Dimensiones |
23 cm. |
| 504 ## - NOTA DE BIBLIOGRAFÍA, ETC. |
| Nota de bibliografía, etc. |
Incluye referencias bibliográficas. |
| 500 ## - NOTA GENERAL |
| Nota general |
Incluye notas al pie de páginas |
| 500 ## - NOTA GENERAL |
| Nota general |
La bilioteca poseeel tomo 2 |
| 505 ## - NOTA DE CONTENIDO CON FORMATO |
| Título |
Introducción |
| -- |
El Galeón de Manila y el clima del pacifico durante el siglo xvii / |
| Mención de responsabilidad |
Ricardo García Herrera |
| Título |
Clima y variabilidad climática en costa rica a través de información histórica del siglo xix / |
| Mención de responsabilidad |
Jorge A. Amador |
| Título |
Clima y economía en el área surandina: el ato Perú y el espacio regional a fines del siglo xviii / |
| Mención de responsabilidad |
María del Rosario Prieto y Roberto G. Herrera |
| Título |
Entre sequias y aluviones: hacia una historia ambiental de la quebrada de humahuaca, Argentina / |
| Mención de responsabilidad |
Hortensia Castro |
| Título |
La pampa como ecosistema / |
| Mención de responsabilidad |
Juan Carlos Garavaglia |
| Título |
Hacia una historia ambiental de los bosques de pino de la norteamérica nororiental (1700-1900) / |
| Mención de responsabilidad |
Graeme Wynn |
| Título |
Movimientos pioneros y deterioro ambiental y paisajístico en el siglo xix venezolano / |
| Mención de responsabilidad |
Pedro Cunill Grau |
| Título |
El rub al-kahli prehispánico de la Tlaxcala: una interpretación del paisaje / |
| Mención de responsabilidad |
Alfred H. Siemens |
| Título |
Paisajes del pasado: los cálales del suroeste de Tlaxcala / |
| Mención de responsabilidad |
Alba González Jácome |
| Título |
Las epidemias liberales: agricultura ambiente y globalización en Ecuador / |
| Mención de responsabilidad |
Stuart McCook |
| Título |
Ríos desbordados y pastizales secos: un recorrido de contrastes por los caminos ganaderos del siglo xviii novohispano / |
| Mención de responsabilidad |
Bernardo García Martínez |
| Título |
Cultura esgotadora: agricultura y destrucción ambiental en las últimas décadas de Brasil monárquico / |
| Mención de responsabilidad |
José Augusto Pádua |
| Título |
Espacio, tiempo, ambiente y escala / |
| Mención de responsabilidad |
Carlos Reboratti |
| Título |
Índice onomástico |
| 650 #0 - PUNTO DE ACCESO ADICIONAL DE MATERIA--TÉRMINO DE MATERIA |
| Término de materia o nombre geográfico como elemento de entrada |
Human ecology |
| Subdivisión geográfica |
Latin America |
| Subdivisión general |
History. |
| 9 (RLIN) |
15921 |
| 651 #0 - PUNTO DE ACCESO ADICIONAL DE MATERIA--NOMBRE GEOGRÁFICO |
| Nombre geográfico |
Latin America |
| Subdivisión general |
History. |
| 9 (RLIN) |
4136 |
| 700 1# - PUNTO DE ACCESO ADICIONAL--NOMBRE DE PERSONA |
| Nombre de persona |
García Martínez, Bernardo. |
| Término indicativo de función/relación |
comp. |
| 9 (RLIN) |
15922 |
| 700 1# - PUNTO DE ACCESO ADICIONAL--NOMBRE DE PERSONA |
| Nombre de persona |
González Jácome, Alba. |
| Término indicativo de función/relación |
comp. |
| 9 (RLIN) |
15923 |